[Event "HUN-chT2 Charousek 1314"]
[Site "Hungary"]
[Date "2014.03.02"]
[Round "8"]
[White "Kun, Gabor"]
[Black "Karsa, Laszlo"]
[Result "1/2-1/2"]
[WhiteElo "2343"]
[BlackElo "2346"]
[PlyCount "32"]
[EventDate "2013.09.08"]
[EventType "team-tourn"]
[EventRounds "11"]
[EventCountry "HUN"]
[SourceTitle "EXT 2016"]
[Source "ChessBase"]
[SourceDate "2015.10.10"]
[SourceVersion "1"]
[SourceVersionDate "2015.10.10"]
[SourceQuality "1"]
[WhiteTeam "Tabani Spartacus"]
[BlackTeam "Komlo Banyasz"]
[WhiteTeamCountry "HUN"]
[BlackTeamCountry "HUN"]

1. e4 e5 2. Nf3 Nc6 3. c3 d6 4. d4 Be7 5. Bb5 Bd7 6. O-O Nf6 7. Re1 O-O 8. h3
a6 9. Bf1 h6 10. d5 Nb8 11. c4 c5 12. Nc3 Nh7 13. a3 a5 14. Rb1 Na6 15. Bd3 Ng5
16. Nxg5 hxg5 1/2-1/2

[Event "Ligkappingin 3. Deild"]
[Site "?"]
[Date "2014.03.02"]
[Round "?"]
[White "Dragaberg, Runi"]
[Black "Johansen, Karl Louis"]
[Result "1-0"]
[WhiteElo "1758"]
[BlackElo "1640"]
[PlyCount "79"]
[EventDate "2014.??.??"]
[SourceTitle "OM OTB B 201907"]
[Source "Opening Master"]
[SourceDate "2019.07.06"]
[SourceVersion "2"]
[SourceVersionDate "2019.07.06"]
[SourceQuality "1"]

1. e4 e5 2. Nf3 Nc6 3. c3 d6 4. d4 exd4 5. cxd4 Be7 6. Nc3 a6 7. Be3 Nf6 8. h3
O-O 9. Bd3 Re8 10. O-O Bf8 11. Bg5 h6 12. Be3 b5 13. a3 Bb7 14. Re1 Na5 15. b4
Nc4 16. Bc1 c5 17. Qb3 cxb4 18. axb4 Rc8 19. d5 Nd7 20. Nd4 Qf6 21. Be3 Nde5
22. Bb1 g5 23. Nf5 Rc7 24. Ra2 Rec8 25. Bd4 Nb6 26. Ne2 Nbc4 27. Qg3 Qg6 28.
Rf1 f6 29. f4 Nf7 30. e5 Qh5 31. Qd3 Nfxe5 32. fxe5 fxe5 33. Neg3 Qe8 34. Ba1
Nb6 35. Ne4 Nxd5 36. Nfxd6 Qc6 37. Nxc8 Nf4 38. Qb3+ Rf7 39. Bxe5 Bxc8 40. Nf6+
1-0

[Event "Subotica-ch"]
[Site "Subotica"]
[Date "2014.02.24"]
[Round "3"]
[White "Miljkovic, Vukasin"]
[Black "Mester, Robert"]
[Result "1/2-1/2"]
[WhiteElo "1683"]
[BlackElo "1933"]
[PlyCount "38"]
[EventDate "2014.02.19"]
[EventType "swiss"]
[EventRounds "9"]
[EventCountry "SRB"]
[SourceTitle "CBM 159 Extra"]
[Source "ChessBase"]
[SourceDate "2014.04.24"]
[SourceVersion "1"]
[SourceVersionDate "2014.04.24"]
[SourceQuality "1"]

1. e4 e5 2. Nf3 Nc6 3. c3 Nf6 4. d3 d6 5. Bg5 Be7 6. Bxf6 Bxf6 7. h3 O-O 8. Be2
Be6 9. Nh2 d5 10. O-O a6 11. Na3 d4 12. c4 Be7 13. Nc2 f5 14. exf5 Bxf5 15. Bg4
Qd7 16. a3 a5 17. f3 g6 18. Qd2 Kg7 19. b4 a4 1/2-1/2

[Event "Vladimir Petrov Memorial op"]
[Site "Jurmala"]
[Date "2014.02.23"]
[Round "11"]
[White "Starostits, Ilmars"]
[Black "Aleksandrov, Aleksej"]
[Result "1/2-1/2"]
[WhiteElo "2467"]
[BlackElo "2569"]
[PlyCount "34"]
[EventDate "2014.02.21"]
[EventType "swiss (rapid)"]
[EventRounds "15"]
[EventCountry "LAT"]
[SourceTitle "CBM 158 Extra"]
[Source "ChessBase"]
[SourceDate "2014.02.28"]
[SourceVersion "1"]
[SourceVersionDate "2014.02.28"]
[SourceQuality "1"]

1. e4 e5 2. Nf3 Nc6 3. c3 Nf6 4. d4 exd4 5. e5 Nd5 6. Bc4 Nb6 7. Bb3 d6 8. cxd4
Be7 9. O-O dxe5 10. Nxe5 Nxe5 11. dxe5 Qxd1 12. Rxd1 Be6 13. Nc3 O-O 14. Nb5
Rfd8 15. Be3 Rxd1+ 16. Rxd1 Rd8 17. Rxd8+ Bxd8 1/2-1/2

[Event "SVK-chT2B 1314"]
[Site "Slovakia"]
[Date "2014.02.22"]
[Round "8.5"]
[White "Chovanec, Milan"]
[Black "Rybansky, Daniel"]
[Result "1/2-1/2"]
[WhiteElo "2147"]
[BlackElo "2275"]
[PlyCount "111"]
[EventDate "2013.10.19"]
[EventType "team-tourn"]
[EventRounds "11"]
[EventCountry "SVK"]
[SourceTitle "EXT 2015"]
[Source "ChessBase"]
[SourceDate "2014.11.20"]
[SourceVersion "1"]
[SourceVersionDate "2014.11.20"]
[SourceQuality "1"]
[WhiteTeam "Povazska Bystrica III"]
[BlackTeam "Topolcany"]
[WhiteTeamCountry "SVK"]
[BlackTeamCountry "SVK"]

1. e4 e5 2. Nf3 Nc6 3. c3 d5 4. Qa4 dxe4 5. Nxe5 Qd5 6. Nxc6 bxc6 7. Bc4 Qd6 8.
O-O Be7 9. d3 exd3 10. Bf4 Qd7 11. Nd2 Nf6 12. Nf3 O-O 13. Ne5 Qf5 14. Bxd3 Qh5
15. Nxc6 Bc5 16. Rae1 Qh4 17. Qc4 Be6 18. Qxc5 Qxf4 19. b3 Qd2 20. Bb1 Rfe8 21.
c4 Qd6 22. Qxd6 cxd6 23. Rd1 d5 24. cxd5 Bxd5 25. Nd4 a5 26. Nb5 Re7 27. Rfe1
Rb7 28. Nc3 Bc6 29. Ne4 Nd5 30. Rc1 Rc7 31. Nc3 Nf6 32. Nb5 Rb7 33. Nd6 Rb6 34.
Nf5 Kf8 35. Ne3 a4 36. Bc2 axb3 37. Bxb3 Rba6 38. f3 h5 39. Rc3 g6 40. Rec1 Bd7
41. Nd5 Nxd5 42. Bxd5 Rb8 43. Rc7 Rd6 44. Bb3 Kg7 45. R1c2 Kf6 46. Kf2 Ra8 47.
h4 Ra5 48. Re2 Be6 49. Bxe6 Rxe6 50. Rxe6+ Kxe6 51. Rc2 Kf5 52. Re2 f6 53. g3
Ra3 54. Kg2 Ra5 55. Kh3 Ra3 56. Kg2 1/2-1/2

[Event "Osijek-ch op"]
[Site "Osijek"]
[Date "2014.02.22"]
[Round "6"]
[White "Pezelj, Novak"]
[Black "Bender, Ivan"]
[Result "1/2-1/2"]
[WhiteElo "2384"]
[BlackElo "2236"]
[PlyCount "56"]
[EventDate "2014.02.20"]
[EventType "swiss"]
[EventRounds "7"]
[EventCountry "CRO"]
[SourceTitle "CBM 159 Extra"]
[Source "ChessBase"]
[SourceDate "2014.04.24"]
[SourceVersion "1"]
[SourceVersionDate "2014.04.24"]
[SourceQuality "1"]

1. e4 e5 2. Nf3 Nc6 3. c3 Nf6 4. Bb5 Nxe4 5. Qe2 Nd6 6. Nxe5 Be7 7. Ba4 Nxe5 8.
Qxe5 O-O 9. O-O Nc4 10. Qe2 d5 11. d4 Bd6 12. Nd2 Nxd2 13. Bxd2 Bf5 14. Qh5 Qc8
15. Rac1 c6 16. Bc2 Bxc2 17. Rxc2 Re8 18. g3 g6 19. Qf3 Re4 20. Re1 f5 21. Qd1
Qe6 22. f3 Rxe1+ 23. Qxe1 Qxe1+ 24. Bxe1 Re8 25. Bf2 Kf7 26. b3 Ke6 27. Kf1 Kd7
28. Kg2 Re6 1/2-1/2

[Event "Catalunya-chT"]
[Site "Catalunya"]
[Date "2014.02.22"]
[Round "5.2"]
[White "Escuder Vilaltella, Jordi"]
[Black "Herrero Sabartes, Joan"]
[Result "1-0"]
[WhiteElo "2308"]
[BlackElo "2206"]
[PlyCount "69"]
[EventDate "2014.01.25"]
[EventType "team"]
[EventRounds "11"]
[EventCountry "ESP"]
[SourceTitle "EXT 2015"]
[Source "ChessBase"]
[SourceDate "2014.11.20"]
[SourceVersion "1"]
[SourceVersionDate "2014.11.20"]
[SourceQuality "1"]
[WhiteTeam "Tres Peons"]
[BlackTeam "Reus Deportiu"]
[WhiteTeamCountry "ESP"]
[BlackTeamCountry "ESP"]

1. e4 e5 2. Nf3 Nc6 3. c3 Nf6 4. d4 exd4 5. e5 Ng4 6. cxd4 d5 7. Bd3 Be7 8. Nc3
Be6 9. O-O Qd7 10. a3 Nh6 11. b4 a6 12. Re1 Nf5 13. Bc2 h6 14. Bb2 g5 15. Ne2
h5 16. Rc1 Na7 17. Nd2 h4 18. Bd3 O-O-O 19. Nb3 Rdg8 20. Nc5 Bxc5 21. dxc5 c6
22. Bxf5 Bxf5 23. e6 fxe6 24. Bxh8 Rxh8 25. Nd4 h3 26. Nxf5 exf5 27. Re5 Nb5
28. Qd3 hxg2 29. Rce1 f4 30. Rxg5 Nc7 31. Qf5 Qxf5 32. Rxf5 Rh3 33. Re7 Kd8 34.
Rff7 Ne8 35. Rxb7 1-0

[Event "BI-2013-F-0011"]
[Site "Lechenicher SchachServer"]
[Date "2014.02.21"]
[Round "?"]
[White "Hatsek, Werner"]
[Black "Pavlicek, Miroslav"]
[Result "1/2-1/2"]
[WhiteElo "1887"]
[BlackElo "1553"]
[PlyCount "101"]
[EventDate "2014.02.27"]
[EventType "tourn"]
[EventRounds "8"]

1. e4 e5 2. Nf3 Nc6 3. c3 Nf6 4. d4 Nxe4 5. Bd3 d5 6. Nxe5 Bd6 7. Nxc6 bxc6 8.
Nd2 O-O 9. O-O Bf5 10. Nxe4 dxe4 11. Bc4 a5 12. b3 Qh4 13. g3 Qh3 14. Re1 Bg6
15. Be3 Kh8 16. Be2 Qd7 17. Qd2 f5 18. Bf4 Bf7 19. Rf1 a4 20. b4 a3 21. f3 Bxf4
22. Qxf4 Rae8 23. Qc1 exf3 24. Bxf3 Bc4 25. Rf2 f4 26. gxf4 Re7 27. Bg2 Rfe8
28. f5 Re3 29. Kh1 Qd6 30. Bf1 Bxf1 31. Qxf1 Qd5+ 32. Kg1 Rxc3 33. Rd1 h5 34.
Qg2 Re4 35. Kh1 Rd3 36. Rdf1 Rg4 37. Qxd5 cxd5 38. Rc2 Rdxd4 39. f6 gxf6 40.
Rxc7 Rxb4 41. Rc3 Kg7 42. Rxa3 Ra4 43. Raf3 Rxa2 44. Rxf6 d4 45. Rd6 Rd2 46.
Rg1 Kf7 47. Rxg4 hxg4 48. Kg1 d3 49. Kf1 Ke7 50. Rd4 Kf6 51. Rxg4 {Draw agreed}
1/2-1/2

[Event "BI-2013-F-0015"]
[Site "Lechenicher SchachServer"]
[Date "2014.02.21"]
[Round "?"]
[White "Laine, Jari"]
[Black "Herzog, Klaus"]
[Result "0-1"]
[WhiteElo "1961"]
[BlackElo "1828"]
[PlyCount "66"]
[EventDate "2014.02.27"]
[EventType "tourn"]
[EventRounds "6"]
[SourceTitle "OM Corr 202003"]
[Source "Opening Master"]
[SourceDate "2019.05.30"]
[SourceVersion "2"]
[SourceVersionDate "2019.05.30"]
[SourceQuality "1"]

1. e4 e5 2. Nf3 Nc6 3. c3 d5 4. Qa4 f6 5. Bb5 Nge7 6. exd5 Qxd5 7. O-O e4 8. c4
Qd6 9. c5 Qxc5 10. d4 Qd6 11. Nfd2 Bf5 12. Nc4 Qd7 13. Ne3 O-O-O 14. d5 Nxd5
15. Bxc6 bxc6 16. Qxa7 Qe6 17. Nxf5 Qxf5 18. Nc3 Bd6 19. Bd2 Rhe8 20. Nxd5 cxd5
21. Qa4 d4 22. Rac1 Qd5 23. Rfd1 d3 24. Rc6 Re5 25. Rdc1 Qb5 26. Qa7 Qb7 27.
Qa4 Kb8 28. Be3 Rd5 29. g3 Be5 30. R1c4 Rb5 31. Ra6 d2 32. Bxd2 Rxd2 33. Ra8+
Qxa8 0-1

[Event "San Francisco TNM Winter op"]
[Site "San Francisco"]
[Date "2014.02.18"]
[Round "7"]
[White "Oyuntseren, Togtokh"]
[Black "Simpkins, Jerry"]
[Result "1-0"]
[WhiteElo "1331"]
[BlackElo "1551"]
[PlyCount "135"]
[EventDate "2014.01.07"]
[EventType "swiss"]
[EventRounds "8"]
[EventCountry "USA"]
[SourceTitle "EXT 2016"]
[Source "ChessBase"]
[SourceDate "2015.10.10"]
[SourceVersion "1"]
[SourceVersionDate "2015.10.10"]
[SourceQuality "1"]

1. Nf3 Nc6 2. e4 e5 3. c3 d6 4. d4 Bg4 5. Be3 Nf6 6. Nbd2 Be7 7. Be2 Nh5 8.
dxe5 dxe5 9. Nc4 Bxf3 10. Bxf3 Nf4 11. Bxf4 exf4 12. e5 O-O 13. O-O Re8 14. Re1
Bg5 15. Bd5 Qe7 16. e6 f6 17. Bxc6 bxc6 18. Qd7 Qc5 19. Qd4 Qf5 20. Qe4 Qxe4
21. Rxe4 f5 22. Re5 g6 23. Rae1 Bf6 24. Rc5 Rad8 25. Rxc6 Re7 26. Ra6 Kf8 27.
Rxa7 Rxe6 28. Kf1 Rc6 29. Na3 Rd2 30. Re2 Rxe2 31. Kxe2 Re6+ 32. Kf1 Be5 33.
Nc4 c6 34. Rxh7 Bg7 35. Nd2 Rd6 36. Ke2 c5 37. Rh4 g5 38. Rh5 Bf6 39. Rh3 Rb6
40. Nc4 Re6+ 41. Kd2 g4 42. Rd3 Bg5 43. f3 Bh4 44. Rd6 Re7 45. fxg4 fxg4 46.
Rd5 Rf7 47. Ne5 Rg7 48. Ke2 Re7 49. g3 fxg3 50. hxg3 Bxg3 51. Rd8+ Kg7 52. Rd7
Rxd7 53. Nxd7 Bd6 54. a4 Kf7 55. a5 Ke7 56. Nb6 Bc7 57. Nc4 Ke6 58. Kf2 Kd5 59.
Ne3+ Kc6 60. Nxg4 Bxa5 61. c4 Bc7 62. Ke3 Bg3 63. Kd3 Kb6 64. Nf6 Ka5 65. Kc2
Be5 66. Ne4 Bxb2 67. Kxb2 Kb4 68. Nd2 1-0

[Event "BCF-chT3S 1314 (4NCL)"]
[Site "England"]
[Date "2014.02.16"]
[Round "6.179"]
[White "Biswas, Karl"]
[Black "Jina, Asha"]
[Result "1/2-1/2"]
[WhiteElo "1745"]
[BlackElo "1507"]
[PlyCount "28"]
[EventDate "2013.11.16"]
[EventType "team-swiss"]
[EventRounds "6"]
[EventCountry "ENG"]
[SourceTitle "EXT 2015"]
[Source "ChessBase"]
[SourceDate "2014.11.20"]
[SourceVersion "1"]
[SourceVersionDate "2014.11.20"]
[SourceQuality "1"]
[WhiteTeam "Oxford III"]
[BlackTeam "Midland Monarchs"]
[WhiteTeamCountry "ENG"]
[BlackTeamCountry "ENG"]

1. e4 e5 2. Nf3 Nc6 3. c3 Nf6 4. d4 Nxe4 5. d5 Ne7 6. Nxe5 Ng6 7. Qf3 Nf6 8.
Nxg6 hxg6 9. Be3 d6 10. Bb5+ Bd7 11. Bxd7+ Qxd7 12. c4 Be7 13. Nc3 Qg4 14. Qxg4
Nxg4 1/2-1/2

[Event "Slovak 5. Liga SE-SI"]
[Site "?"]
[Date "2014.02.15"]
[Round "?"]
[White "Sukopcak, Miroslav"]
[Black "Baumgartner, Milan"]
[Result "0-1"]
[WhiteElo "1668"]
[BlackElo "1508"]
[PlyCount "72"]
[EventDate "2014.??.??"]
[SourceTitle "OM OTB B 201907"]
[Source "Opening Master"]
[SourceDate "2019.07.06"]
[SourceVersion "2"]
[SourceVersionDate "2019.07.06"]
[SourceQuality "1"]

1. e4 e5 2. Nf3 Nc6 3. c3 Nf6 4. d3 h6 5. h3 Bc5 6. Nbd2 O-O 7. Nb3 Bb6 8. Qe2
d6 9. Be3 Be6 10. Nbd2 Nd7 11. Bxb6 axb6 12. Nc4 f5 13. exf5 Rxf5 14. Ne3 Rf4
15. g3 Rf7 16. b4 Qf6 17. Nd2 Raf8 18. Rh2 d5 19. a3 Ne7 20. Rc1 Nf5 21. Ng4
Qg6 22. Kd1 Re7 23. Nxe5 Nxe5 24. Qxe5 d4 25. Qb5 Nd6 26. Qa4 dxc3 27. Rxc3 Bd5
28. Be2 Qf6 29. Nb1 Rfe8 30. f4 Nf5 31. Rxc7 Nd4 32. Nd2 Nxe2 33. Rxe7 Qxe7 34.
Ne4 Bxe4 35. Rxe2 Bf3 36. Qb3+ Kh8 0-1

[Event "CZE-chT1W 1314"]
[Site "Czechia"]
[Date "2014.02.09"]
[Round "7.4"]
[White "Londyn, Radek"]
[Black "Cuhra, Martin"]
[Result "1-0"]
[WhiteElo "2344"]
[BlackElo "2242"]
[PlyCount "59"]
[EventDate "2013.10.20"]
[EventType "team-tourn"]
[EventRounds "11"]
[EventCountry "CZE"]
[SourceTitle "EXT 2015"]
[Source "ChessBase"]
[SourceDate "2014.11.20"]
[SourceVersion "1"]
[SourceVersionDate "2014.11.20"]
[SourceQuality "1"]
[WhiteTeam "Lysa nad Labem II"]
[BlackTeam "Ceske Budejovice"]
[WhiteTeamCountry "CZE"]
[BlackTeamCountry "CZE"]

1. e4 e5 2. Nf3 Nc6 3. c3 d5 4. Qa4 dxe4 5. Nxe5 Qd5 6. Nxc6 bxc6 7. Bc4 Qd6 8.
d4 Nf6 9. O-O h5 10. Re1 Bf5 11. f3 Kd7 12. Nd2 Ng4 13. fxg4 hxg4 14. g3 Rxh2
15. Kxh2 Qh6+ 16. Kg1 Qh3 17. Nf1 Bd6 18. Re3 Rh8 19. Kf2 Qh1 20. Be2 Be6 21.
c4 f5 22. d5 Bf7 23. Qxc6+ Ke7 24. c5 Be5 25. d6+ cxd6 26. cxd6+ Bxd6 27. Rc3
Rh2+ 28. Nxh2 Qxh2+ 29. Ke1 Bxg3+ 30. Kd1 1-0

[Event "Copenhagen Bronshoj op"]
[Site "Copenhagen"]
[Date "2014.02.09"]
[Round "5"]
[White "Jensen, Jonbert"]
[Black "Pedersen, Bo V"]
[Result "0-1"]
[WhiteElo "1583"]
[BlackElo "1597"]
[PlyCount "50"]
[EventDate "2014.02.07"]
[EventType "swiss"]
[EventRounds "7"]
[EventCountry "DEN"]
[SourceTitle "CBM 158 Extra"]
[Source "ChessBase"]
[SourceDate "2014.02.28"]
[SourceVersion "1"]
[SourceVersionDate "2014.02.28"]
[SourceQuality "1"]

1. e4 e5 2. Nf3 Nc6 3. c3 Bc5 4. b4 Bd6 5. a3 Nf6 6. d3 O-O 7. Bb2 Qe8 8. Nbd2
Ne7 9. Be2 Ng6 10. Nc4 Qe7 11. Ne3 Re8 12. h4 Nf4 13. g3 Nxe2 14. Qxe2 g6 15.
O-O-O a5 16. h5 axb4 17. cxb4 c5 18. hxg6 fxg6 19. Nc4 cxb4 20. Nxd6 Qxd6 21.
Qc2 bxa3 22. Qc4+ Kg7 23. Ba1 Ra5 24. Kd2 Qc5 25. Rc1 Qxf2+ 0-1

[Event "BCF-chT3N 1314 (4NCL)"]
[Site "England"]
[Date "2014.02.08"]
[Round "5.99"]
[White "Mahoney, Nicholas"]
[Black "Hawkins, James Nick"]
[Result "0-1"]
[WhiteElo "1777"]
[BlackElo "1946"]
[PlyCount "62"]
[EventDate "2013.11.16"]
[EventType "team-swiss"]
[EventRounds "6"]
[EventCountry "ENG"]
[SourceTitle "EXT 2015"]
[Source "ChessBase"]
[SourceDate "2014.11.20"]
[SourceVersion "1"]
[SourceVersionDate "2014.11.20"]
[SourceQuality "1"]
[WhiteTeam "Bradford DCA Knights III"]
[BlackTeam "Ferry Cross the Maroczy"]
[WhiteTeamCountry "ENG"]
[BlackTeamCountry "ENG"]

1. e4 e5 2. Nf3 Nc6 3. c3 d5 4. Qa4 dxe4 5. Nxe5 Qd6 6. Nxc6 bxc6 7. Na3 Nf6 8.
Nc4 Qd5 9. Na5 Bd7 10. Bc4 Qd6 11. Qb3 Nd5 12. d4 Be7 13. O-O O-O 14. Qc2 Qg6
15. Kh1 Bf5 16. Qa4 Bd6 17. Nxc6 Nb6 18. Qb3 Nxc4 19. Qxc4 e3 20. Bxe3 Bd3 21.
Qa4 Bxf1 22. Rxf1 Qh5 23. h3 Qe2 24. Rb1 f5 25. Qb3+ Kh8 26. d5 f4 27. Bd4 f3
28. Qd1 fxg2+ 29. Kxg2 Qe4+ 30. Kg1 Rf3 31. Qe1 Qg6+ 0-1

[Event "NED-chT 1314"]
[Site "Netherlands"]
[Date "2014.02.08"]
[Round "5.2"]
[White "Broekmeulen, Jasper"]
[Black "Lammens, Tim"]
[Result "1-0"]
[WhiteElo "2439"]
[BlackElo "2311"]
[PlyCount "91"]
[EventDate "2013.09.21"]
[EventType "team-tourn"]
[EventRounds "9"]
[EventCountry "NED"]
[SourceTitle "EXT 2015"]
[Source "ChessBase"]
[SourceDate "2014.11.20"]
[SourceVersion "1"]
[SourceVersionDate "2014.11.20"]
[SourceQuality "1"]
[WhiteTeam "Calder HMC"]
[BlackTeam "ESG Max Euwe"]
[WhiteTeamCountry "NED"]
[BlackTeamCountry "NED"]

1. e4 e5 2. Nf3 Nc6 3. c3 Nf6 4. d4 exd4 5. e5 Nd5 6. Qb3 Nb6 7. cxd4 d6 8. Bb5
Be7 9. d5 a6 10. Ba4 Nxa4 11. Qxa4 b5 12. Qe4 Nb8 13. exd6 Qxd6 14. Bf4 Qb4+
15. Nc3 Qxe4+ 16. Nxe4 Bb7 17. O-O-O O-O 18. Rhe1 Nd7 19. Bxc7 Rfc8 20. Nc3 Bf8
21. d6 b4 22. Nd5 Bxd6 23. Kb1 Bxd5 24. Bxd6 Nf6 25. Bxb4 Rab8 26. Bd6 Rb6 27.
Be5 Be4+ 28. Ka1 Bc2 29. Rc1 Rbc6 30. Nd4 Rc5 31. Bxf6 gxf6 32. b4 Rc4 33. Nxc2
Rxc2 34. Kb1 R2c4 35. Rxc4 Rxc4 36. a3 a5 37. bxa5 Ra4 38. Kb2 Rxa5 39. Re2 Kf8
40. Kb3 Ra8 41. a4 Rb8+ 42. Kc4 Rb1 43. Ra2 Ke7 44. a5 Kd6 45. a6 Rc1+ 46. Kd4
1-0

[Event "corr freechess"]
[Site "freechess.de"]
[Date "2014.02.07"]
[Round "?"]
[White "Oeltze, Michael"]
[Black "Schmitt, Manfred"]
[Result "1-0"]
[WhiteElo "1384"]
[BlackElo "1800"]
[PlyCount "59"]
[EventDate "2014.??.??"]
[EventType "tourn (corr)"]
[SourceTitle "OM Corr 202003"]
[Source "Opening Master"]
[SourceDate "2019.05.30"]
[SourceVersion "2"]
[SourceVersionDate "2019.05.30"]
[SourceQuality "1"]

1. e4 e5 2. Nf3 Nc6 3. c3 Nf6 4. d3 h6 5. Be2 Be7 6. O-O O-O 7. a3 d5 8. Nbd2
Bg4 9. Ne1 Bxe2 10. Qxe2 Qd7 11. f3 a5 12. a4 dxe4 13. fxe4 Bc5+ 14. Kh1 Rad8
15. Rf3 Ne7 16. Nb3 b6 17. Nxc5 bxc5 18. c4 c6 19. Bxh6 Ng4 20. Bg5 f6 21. Bd2
Kf7 22. Rh3 Rh8 23. Rxh8 Rxh8 24. h3 Nh6 25. Qh5+ Kg8 26. Qe2 Ng4 27. Nf3 f5
28. exf5 Qxf5 29. Rf1 Qh5 30. Nh2 1-0

[Event "corr freechess"]
[Site "freechess.de"]
[Date "2014.02.07"]
[Round "?"]
[White "Rehlein, Danny"]
[Black "Kaizik, Andreas"]
[Result "1-0"]
[WhiteElo "1800"]
[BlackElo "1800"]
[PlyCount "67"]
[EventDate "2014.??.??"]
[EventType "tourn (corr)"]
[SourceTitle "OM Corr 202003"]
[Source "Opening Master"]
[SourceDate "2019.05.30"]
[SourceVersion "2"]
[SourceVersionDate "2019.05.30"]
[SourceQuality "1"]

1. e4 e5 2. Nf3 Nc6 3. c3 d5 4. Qc2 d4 5. Bb5 Nge7 6. d3 a6 7. Qa4 Bd7 8. Bc4
b5 9. Ng5 bxc4 10. Qxc4 Be6 11. Nxe6 Qd7 12. Ng5 Ng6 13. Nxf7 Qxf7 14. Qxc6+
Qd7 15. Qxa8+ Kf7 16. Qxa6 c5 17. Qc4+ Ke8 18. Nd2 Nf4 19. O-O Qg4 20. g3 Be7
21. f3 Qd7 22. gxf4 Bf6 23. fxe5 dxc3 24. bxc3 Bxe5 25. d4 cxd4 26. Rb1 Ke7 27.
Qc5+ Kf6 28. Rb6+ Kf7 29. Qxe5 Rf8 30. Qh5+ Kg8 31. Qd5+ Qf7 32. Qxf7+ Rxf7 33.
Rb8+ Rf8 34. Rxf8+ 1-0

[Event "WC-2018-P-00010"]
[Site "Lechenicher SchachServer"]
[Date "2014.02.03"]
[Round "?"]
[White "Litz, Knut"]
[Black "Lipsits, Sasha"]
[Result "1-0"]
[WhiteElo "2164"]
[BlackElo "1480"]
[PlyCount "37"]
[EventDate "2014.02.10"]
[SourceTitle "OM Corr 202003"]
[Source "Opening Master"]
[SourceDate "2019.05.30"]
[SourceVersion "2"]
[SourceVersionDate "2019.05.30"]
[SourceQuality "1"]

1. e4 e5 2. Nf3 Nc6 3. c3 Nf6 4. d4 exd4 5. e5 Nd5 6. Bb5 a6 7. Ba4 Nb6 8. Bb3
d6 9. O-O dxe5 10. Ng5 Be6 11. Nxe6 fxe6 12. Qh5+ Kd7 13. Nd2 Qe8 14. Qe2 Nd5
15. Nf3 Bd6 16. cxd4 exd4 17. Re1 Qg6 18. Nh4 Qg5 19. Qxe6+ 1-0

[Event "WC-2018-P-00008"]
[Site "Lechenicher SchachServer"]
[Date "2014.02.03"]
[Round "?"]
[White "Hatsek, Werner"]
[Black "Egorov, Vladimir"]
[Result "1/2-1/2"]
[WhiteElo "1887"]
[BlackElo "2181"]
[PlyCount "61"]
[EventDate "2014.02.10"]

1. e4 e5 2. Nf3 Nc6 3. c3 d5 4. Qa4 f6 5. d3 Be6 6. Nbd2 Nge7 7. d4 Qd7 8. dxe5
Nxe5 9. Bb5 c6 10. Be2 N7g6 11. exd5 Bxd5 12. O-O Be7 13. Nxe5 Nxe5 14. c4 Bf7
15. Nf3 Qf5 16. Be3 O-O 17. Rfd1 Rfd8 18. Qb3 b5 19. Nxe5 Qxe5 20. Bd3 Bc5 21.
Bxc5 Qxc5 22. Qc2 g6 23. b3 a5 24. g3 a4 25. Rab1 axb3 26. axb3 Qb4 27. cxb5
cxb5 28. Qc6 Ra7 29. Bxb5 Rxd1+ 30. Rxd1 Qxb3 31. Rd4 {Draw agreed} 1/2-1/2

[Event "SB-2014-0-00351"]
[Site "Lechenicher SchachServer"]
[Date "2014.02.03"]
[Round "?"]
[White "Hatsek, Werner"]
[Black "Van Bommel, Ton"]
[Result "1/2-1/2"]
[WhiteElo "1887"]
[BlackElo "1841"]
[PlyCount "82"]
[EventDate "2014.01.06"]
[EventType "tourn"]
[EventRounds "6"]

1. e4 e5 2. Nf3 Nc6 3. c3 d5 4. Qa4 f6 5. d3 Be6 6. Nbd2 Bd6 7. d4 Qd7 8. Bb5
exd4 9. Nxd4 Nge7 10. Nxe6 Qxe6 11. O-O a6 12. Bxc6+ Nxc6 13. Qb3 Ne7 14. Qxb7
O-O 15. Qb3 Rab8 16. Qa4 Rfe8 17. exd5 Nxd5 18. g3 Kh8 19. Qxa6 Nf4 20. Qc4 Qg4
21. Kh1 Re2 22. gxf4 Rxd2 23. Qe4 Re2 24. Qg2 Qe6 25. a4 Bc5 26. Qf3 Qc4 27. a5
h6 28. f5 Rc2 29. Kg1 Re8 30. Bf4 Ree2 31. Bg3 Rxb2 32. Rad1 Re8 33. Ra1 Ree2
34. Kg2 Kh7 35. a6 Ba7 36. Kh3 Qf7 37. Rab1 Qc4 38. Ra1 Qf7 39. Rae1 Qe8 40.
Rxe2 Rxe2 41. Ra1 Qb5 {Draw agreed} 1/2-1/2

[Event "corr freechess"]
[Site "freechess.de"]
[Date "2014.02.03"]
[Round "?"]
[White "Viereck, Axel"]
[Black "Schulz, Jochen"]
[Result "1-0"]
[WhiteElo "1478"]
[BlackElo "1342"]
[PlyCount "55"]
[EventDate "2014.??.??"]
[EventType "tourn (corr)"]
[SourceTitle "OM Corr 202003"]
[Source "Opening Master"]
[SourceDate "2019.05.30"]
[SourceVersion "2"]
[SourceVersionDate "2019.05.30"]
[SourceQuality "1"]

1. e4 e5 2. Nf3 Nc6 3. c3 d6 4. d4 Bg4 5. Be2 h6 6. O-O Bxf3 7. Bxf3 exd4 8.
cxd4 Qf6 9. e5 Qe7 10. Bxc6+ bxc6 11. exd6 Qxd6 12. Nc3 Be7 13. Re1 Kd7 14. d5
c5 15. Qa4+ Kd8 16. Be3 Nf6 17. Rad1 a6 18. Qc6 Rb8 19. b3 Nd7 20. Ne4 Qg6 21.
d6 Bxd6 22. Nxd6 cxd6 23. Rxd6 Qf5 24. Red1 Ke7 25. Rxd7+ Kf8 26. Rd8+ Rxd8 27.
Rxd8+ Ke7 28. Qd6# 1-0

[Event "SVK-chT3B2 1314"]
[Site "Slovakia"]
[Date "2014.02.02"]
[Round "7.3"]
[White "Kothaj, Peter"]
[Black "Urbanic, Martin"]
[Result "0-1"]
[WhiteElo "1747"]
[BlackElo "1910"]
[PlyCount "116"]
[EventDate "2013.10.13"]
[EventType "team-tourn"]
[EventRounds "14"]
[EventCountry "SVK"]
[SourceTitle "EXT 2015"]
[Source "ChessBase"]
[SourceDate "2014.11.20"]
[SourceVersion "1"]
[SourceVersionDate "2014.11.20"]
[SourceQuality "1"]

1. e4 e5 2. Nf3 Nc6 3. c3 d6 4. d4 exd4 5. cxd4 Nf6 6. Nc3 Bg4 7. Be2 g6 8. O-O
Bg7 9. d5 Ne7 10. h3 Bxf3 11. Bxf3 O-O 12. Qb3 Qc8 13. Bf4 Nd7 14. Rac1 Nc5 15.
Qc2 a5 16. Nb5 Qd7 17. a4 b6 18. b3 Rae8 19. Be3 f5 20. Bxc5 dxc5 21. Rcd1 fxe4
22. Bxe4 Nc8 23. Bd3 Nd6 24. Nxd6 Qxd6 25. Bc4 Bd4 26. Rd2 Kg7 27. Re2 Qf4 28.
Qd2 Qf6 29. Rxe8 Rxe8 30. Re1 Bc3 31. Qxc3 Qxc3 32. Rxe8 b5 33. Bxb5 Qxb3 34.
Re7+ Kh6 35. Rxc7 Qxd5 36. g3 Kg5 37. h4+ Kf6 38. Rc6+ Ke5 39. Rc7 h6 40. Re7+
Kf5 41. Rc7 Qd4 42. Rf7+ Ke6 43. Rf4 Qd1+ 44. Kg2 Ke5 45. Rc4 Kd5 46. Rf4 Qc2
47. Kf1 g5 48. hxg5 hxg5 49. Rc4 Qxc4+ 50. Bxc4+ Kxc4 51. f4 gxf4 52. gxf4 Kd4
53. Ke2 Ke4 54. f5 Kxf5 55. Kd3 Ke5 56. Kc4 Kd6 57. Kb5 Kd5 58. Kxa5 Kc6 0-1